| 000 | 01241nam a2200325 a 4500 | ||
|---|---|---|---|
| 001 | 000108986 | ||
| 003 | CHAP | ||
| 005 | 20220329144032.0 | ||
| 008 | 140326s2013 mx sm |||||||spa d | ||
| 010 | _a105448 | ||
| 011 | _a106420 | ||
| 040 | _cCHAP | ||
| 090 | _aTesis | ||
| 100 | 1 |
_aSantiago Figueroa, Lizbeth _9102334 |
|
| 245 | 1 | 0 |
_aBalance energético y análisis de la rentabilidad de higuerilla (ricinus communis l.) para la producción de biodiésel _h[En línea] _cpor Lizbeth Santiago Figueroa. |
| 260 |
_aChapingo, Méx. : _bEl autor, _c2013. |
||
| 500 | _aPara ver el contenido del material haga clic en la liga | ||
| 502 | _aTesis (MC. en Economía Agrícola y de los Recursos Naturales) -- UACH. División de Ciencias Económico Administrativas | ||
| 590 |
_aBATCH-UPD _b10 _c20141002 _lUCH01 _h0858 |
||
| 590 |
_aE11695DGD _b10 _c20140808 _lUCH01 _h1002 |
||
| 590 |
_aE11695DGD _b10 _c20140808 _lUCH01 _h1003 |
||
| 590 |
_aE5765TAJ _b05 _c20140326 _lUCH01 _h1326 |
||
| 650 | 1 | 4 |
_aBiodecontaminación. _912722 |
| 650 | 1 | 4 |
_aCombustibles. _925554 |
| 650 | 1 | 4 |
_aHiguerilla _xRendimiento. _955369 |
| 856 |
_aFinding aid _uhttp://10.13.5.2/tesis/sist108986.pdf _zTeclea aquí |
||
| 901 | _aBK | ||
| 942 | _cTESIS | ||
| 942 | _n0 | ||
| 999 |
_c105448 _d105448 |
||